Avenues de la place de l'Etoile - Statistiques

Statistiques générales
  • Ce quiz a été pris 53 fois
  • Le résultat moyen est 7 sur 12
Statistiques - réponses
Hint Réponse % Correct
1 Avenue des Champs-Élysées
94%
8 Avenue Foch
71%
7 Avenue de la Grande-Armée
69%
4 Avenue de Wagram
63%
10 Avenue Kléber
63%
2 Avenue de Friedland
57%
11 Avenue d'Iéna
57%
9 Avenue Victor Hugo
54%
12 Avenue Marceau
46%
5 Avenue Mac-Mahon
43%
3 Avenue Hoche
37%
6 Avenue Carnot
31%
Aucun quiz correspondant
Distribution des résultats
% des personnes avec chaque résultat
Percentile par nombre de réponses
Votre historique - résultats
Vous n’avez pas pris ce quiz